| 000 | 00519cam a22002054a 4500 | ||
|---|---|---|---|
| 005 | 20250605164022.0 | ||
| 008 | 250528s ||||||||||||||||||||||||d | ||
| 035 | _a16362 | ||
| 020 | _a3931126366 | ||
| 040 |
_aGR-AtMCL _bgre _dGR-AtMCL _eAACR2 |
||
| 245 | 1 | _aSwiss Graphic Design | |
| 260 |
_bDgv - Die Gestalten Verlag, _c2000 |
||
| 300 | _a226 | ||
| 700 | 1 |
_aHellige Hendrik _92453 |
|
| 700 | 1 |
_aKlanten Robert _92454 |
|
| 700 | 1 |
_aMischler Mika _92455 |
|
| 942 | _cBK | ||
| 999 |
_c1871 _d1871 |
||